| Tag |
First Indicator |
Second Indicator |
Subfields |
| LEADER |
00000cam a2200000Ka 4500 |
| 001 |
in00002250607 |
| 005 |
20220105185140.0 |
| 008 |
061207s2006 dcu s f000 0 spa d |
| 035 |
|
|
|a (OCoLC)ocm76905296
|
| 040 |
|
|
|a GPO
|c GPO
|d MvI
|d UtOrBLW
|
| 049 |
|
|
|a WWW
|
| 074 |
|
|
|a 0535-A-05 (online)
|
| 086 |
0 |
|
|a FT 1.32/4:D 54/2006/SPAN.
|
| 245 |
0 |
0 |
|a Evaluación de declaraciones sobre productos para la diabetes :
|b Sea astuto. Sea escéptico.
|
| 264 |
|
1 |
|a [Washington, D.C.] :
|b Federal Trade Commission, Bureau of Consumer Protection, Office of Consumer and Business Education,
|c [2006]
|
| 300 |
|
|
|a 2 unnumbered pages :
|b digital, PDF file.
|
| 336 |
|
|
|a text
|b txt
|2 rdacontent
|
| 337 |
|
|
|a computer
|b c
|2 rdamedia
|
| 338 |
|
|
|a unspecified
|b zu
|2 rdacarrier
|
| 490 |
1 |
|
|a Alerta de la FTC para consumidores
|
| 538 |
|
|
|a Mode of access: Internet from the FTC web site. Address as of 6/27/07: http://www.ftc.gov/bcp/edu/pubs/consumer/alerts/salt145.shtm (text version), http://www.ftc.gov/bcp/edu/pubs/consumer/alerts/salt145.pdf (PDF version); current access is available via PURL.
|
| 500 |
|
|
|a Title from title screen (viewed Nov. 27, 2006).
|
| 500 |
|
|
|a "Octubre 2006."
|
| 500 |
|
|
|a Electronic resource.
|
| 650 |
|
0 |
|a Diabetes.
|
| 650 |
|
0 |
|a Deceptive advertising.
|
| 710 |
1 |
|
|a United States.
|b Federal Trade Commission.
|b Office of Consumer and Business Education.
|
| 830 |
|
0 |
|a FTC consumer alert.
|
| 856 |
4 |
0 |
|3 Text version:
|u http://www.ftc.gov/bcp/edu/pubs/consumer/alerts/salt145.shtm
|t 0
|
| 856 |
4 |
0 |
|3 PDF version:
|u https://purl.fdlp.gov/GPO/LPS76073
|t 0
|
| 999 |
|
|
|a MARS
|
| 999 |
f |
f |
|s e7fec535-3e11-36de-96bf-311cefea08d8
|i 6d5cc541-ecf6-3d08-9c05-f55806a0b463
|t 0
|
| 952 |
f |
f |
|a Texas A&M University
|b College Station
|c Electronic Resources
|d Available Online
|t 0
|e FT 1.32/4:D 54/2006/SPAN.
|h Superintendent of Documents classification
|
| 998 |
f |
f |
|a FT 1.32/4:D 54/2006/SPAN.
|t 0
|l Available Online
|